Números y operaciones 2 /
Guardado en:
| Autor Principal: | |
|---|---|
| Otros Autores: | |
| Formato: | Libro |
| Publicado: |
Buenos Aires :
Tinta Fresca,
2011
|
| Series: | Secuencia de actividades. Educación Secundaria
|
| Materias: | |
| Etiquetas: |
Agregar Etiqueta
Sin Etiquetas, Sea el primero en etiquetar este registro!
|
| LEADER | 02182nam a22002775a 4500 | ||
|---|---|---|---|
| 001 | CEM.cems014479 | ||
| 005 | 20140930162913.0 | ||
| 008 | 130507s2011##################000#0#####d | ||
| 003 | CEMS | ||
| 020 | |a 9789875765375 | ||
| 082 | 0 | 4 | |a 510 |
| 100 | 1 | |a Kurzrok, Liliana Edith | |
| 245 | 1 | 0 | |a Números y operaciones 2 / |c Liliana Edith Kurzrok y Claudia Rita Comparatore |
| 260 | |a Buenos Aires : |b Tinta Fresca, |c 2011 | ||
| 300 | |a 80 p. | ||
| 490 | 0 | |a Secuencia de actividades. Educación Secundaria | |
| 505 | 0 | |a Los números naturles -- Pensar las cuentas -- Potenciación y radicación -- Permutaciones, variaciones y combinaciones -- Aprender con la calculadora -- Iniciación en las prácticas algebraicas -- ¿Se cumple para todos los números? -- Expresiones equivalentes -- Busqueda de regularidades -- Nuevas regularidades -- Variación del resultado al variar los factores -- Los números enteron -- Ubicar en la recta númerica -- Distancia entre números enteros -- Suma entre números enteros -- Resta entre números enteros -- Propiedades de la suma y de la resta -- Multiplicación entre números enteros -- División entre números enteros -- Propiedades de la multiplicación y división -- Multiplos y divisores -- Potenciación y radicación -- Los numeros racionales -- Los números racionales fraccionarios -- Las fracciones para medir -- Ubicación en la recta numérica -- Expresiones decimales finitas y periódicas -- Redondeo y truncamiento -- La proporcionalidad directa -- Porcentaje -- Suma y resta entre números racionales -- Notación científica -- Comparar números racionales -- Densidad de los números racionales -- Imaginación en el estudio de las ecuaciones -- Los trucos de magia -- Transformar para interpretar -- Introducción en el estudio de las ecuaciones -- Plantear, transformar y resolver -- Más resoluciones de ecuaciones | |
| 653 | |a Matemática | ||
| 653 | |a Numeros racionales | ||
| 653 | |a Números naturales | ||
| 653 | |a Números enteros | ||
| 653 | |a Potenciación | ||
| 653 | |a Radicación | ||
| 653 | |a Álgebra | ||
| 700 | 1 | |a Comparatore, Claudia Rita | |
| 859 | |a CEMS |b BIB. CEMS - 11 de abril |h 510 |i K967 |p 27048.14 |t Ej.1 |v 2 |3 2 | ||
